| 000 | 00446nam a22001817a 4500 | ||
|---|---|---|---|
| 003 | LK-CoDNM | ||
| 005 | 20241218141231.0 | ||
| 008 | 241218b |||||||| |||| 00| 0 eng d | ||
| 040 |
_aLK-CoDNM _dLK-CoDNM _eLK-CoDNM |
||
| 041 | _aeng | ||
| 080 |
_a2 _bB3 |
||
| 100 | _aDANA JAMES D | ||
| 245 |
_aReport on zoophytes _b1838 1842 |
||
| 260 |
_anew haven _bby the author |
||
| 300 | _avi, 172p. ; 23 cm | ||
| 650 | _aSCIENCE | ||
| 942 | _cBK | ||
| 999 |
_c233426 _d233426 |
||